中華民國的縣市 (依人口排序) - Statistics

General Stats
  • This quiz has been taken 3 times
  • The average score is 11 of 22
Answer Stats
縣市 人口 % Correct
新北市 4,042,413
100%
臺中市 2,869,089
67%
高雄市 2,714,509
67%
臺北市 2,430,886
67%
桃園市 2,356,734
67%
臺南市 1,850,624
67%
彰化縣 1,206,458
67%
屏東縣 780,365
67%
新竹縣 597,316
67%
苗栗縣 530,337
67%
嘉義市 261,551
67%
雲林縣 648,895
33%
嘉義縣 471,726
33%
南投縣 467,402
33%
新竹市 455,843
33%
宜蘭縣 448,809
33%
基隆市 359,132
33%
花蓮縣 311,842
33%
臺東縣 208,003
33%
金門縣 138,438
33%
澎湖縣 106,567
33%
連江縣 13,629
33%
No matching quizzes found
Score Distribution
Percent of People with Each Score
Percentile by Number Answered
Your Score History
You have not taken this quiz